| 000 | 00484nam a2200181 a 4500 | ||
|---|---|---|---|
| 001 | 1758517132846 | ||
| 003 | ACL | ||
| 005 | 20250922103104.0 | ||
| 008 | 250922s2006##################000#0#eng## | ||
| 020 | _a9781905625017 | ||
| 082 | 0 | 4 |
_a796 _bSTE |
| 100 | 1 |
_aLynch, Steven, _eauthor. |
|
| 245 | 1 | 0 | _aThe Cricinfo Guide to International Cricket 2007 : |
| 260 |
_bJohn Wisden & Company Limited, _c2006. |
||
| 650 | 0 | _aCricket players. | |
| 942 | _cENGLISH | ||
| 040 |
_aACL _beng _cACL |
||
| 999 |
_c588655 _d588655 |
||